LEADER 01125nam a2200253 4500 001 000000338146 003 CaOOAMICUS 005 20191125110806.0 008 191125s1994 it a 000 u ita r 020 $a88-7094-145-0 040 $aSeMil$bita 240 10$aAlbertus Magnus and the sciences.$0(OLS)http://semarc/title/427005 245 10$aAlberto Magno e le scienze / $ca cura di James A. Weisheipl. 264 1$aBologna :$bESD, Edizioni Studio Domenicano,$c1994. 300 $a655 p. :$bill. ;$c21 cm 600 04$aAlberto : Magno .$0(OLS)http://semarc/subject/6154 650 4$aScienze - Storia - Sec. 13.$0(OLS)http://semarc/subject/48795 830 0$aLumen [ESD] ;$v13.$0(OLS)http://semarc/title/4105 850 $aSeMil 852 $aSeMil$W1$xVenegono$y1$m2N IV 70$j217499$B229601$CSeMilBibl$Z2$F229601 $81 996 $6020$a88-7094-145-0$9(OLS)http://semarc/number/289267 996 $6245$aAlberto Magno e le scienze / $9(OLS)http://semarc/title/427004 996 $6264$aBologna :$bESD, Edizioni Studio Domenicano$9(OLS)http://semarc/publisher/31496 LEADER 00747nam a2200205 i 4500 001 000000232189 003 CaOOAMICUS 005 20140820000000.0 008 140820s1886 it u000 u ita u 013 $a211092 040 $aSeMil$bita 100 1 $aCetta, Alberto.$0(OLS)http://semarc/name/33208 245 10$aDiluvio /$cAlberto Cetta. 260 $aTorino :$bTipografia Fratelli Speirani,$c1886. 300 $a318 p. ;$c24 cm. 650 4$aDiluvio.$0(OLS)http://semarc/subject/22330 850 $aSeMil 852 $aSeMil$W1$xVenegono$y1$m2V III 70 FA$j182535$B182535$CSeMilBibl$Z2$F193557 $8I 996 $6245$aDiluvio$9(OLS)http://semarc/title/331329 996 $6260$aTorino :$bTipografia Fratelli Speirani$9(OLS)http://semarc/publisher/38781